Statistics for Brazilian Geography A-Z

Click here to take the quiz!

General Stats

  • This quiz has been taken 54 times
  • The average score is 14 of 23

Answer Stats

HintAnswer% Correct
ALongest riverAmazon
100%
EOnly South American country not
bordering Brazil, along Chile
Ecuador
100%
SMost populous urban areaSão Paulo
92%
HWord that follows BeloHorizonte
87%
IFamous Rio de Janeiro beachIpanema
87%
JNational animalJaguar
85%
FName for a Brazilian shanty townFavela
82%
CCelebration held for five days
before Ash Wednesday
Carnival
79%
RCurrency of BrazilReal
74%
O"_____ E Progresso"Ordem
72%
NClosest major city to AfricaNatal
62%
BSalvador is the capital of this stateBahia
59%
PCapital of Rio Grande do SulPorto Alegre
54%
LType of natural disaster
frequently affecting F
Landslide
54%
MState whose name means
"General Mines" in English
Minas Gerais
51%
URiver on the Argentina borderUruguay
46%
WPantanal is world's largest what?Wetland
41%
DRegion in which Brasilia is locatedDistrito Federal
38%
GState that surrounds DGoiás
33%
TState named after a major riverTocantins
33%
VCapital of Espírito SantoVitória
26%
XMajor tributary of AXingu
26%
ZIndu-Brasil is a subspecies of this
"humped" cattle from India
Zebu
26%

Score Distribution

Percentile by Number Answered

Percent of People with Each Score

Your Score History

You have not taken this quiz